000 00735cam a2200193 4500
001 ##E572
008 090401t1934 xxu||||| |||| 00| 0 eng d
035 _a(Sirsi) u52722
041 0 _aeng
050 0 4 _a333.0062 $2 18
110 2 _aChartered Surveyors' Institution
_92274
245 0 0 _aCode of conduct
260 _aLondon
_bRICS
_c1934
520 _aIssued on 1st May 1934. This code accords with that issued by: The Land Agents' Society; the Auctioneers' and Estate Agents' Institute; the Incorporated Society of Auctioneers and Landed Property Agents.
651 4 _aGreat Britain
_y1707-
690 _aABOUT RICS-RICS PROFESSIONAL REGULATION AND CONSUMER PROTECTION-RICS RULES OF CONDUCT
942 _n0
948 _c04/03/1997
999 _c93152
_d93152